000 00959cam a22003017a 4500
003 CHAP
005 20220329140243.0
008 971013s r 00010 d
010 _a49295
011 _a50267
035 _a54417
040 _cCHAP
090 _aR-2027
100 0 0 _aRobert, R.
_997903
245 1 4 _aThe influence of different N-forms and concentrations on yield and quality of chrysanthemum cutlings
500 _asobretiro de : Gartenbauwissenschagt 47 (4) : 182-188, 1982
500 _aTexto en alemán
590 _aBATCH-UPD
_b10
_c20130110
_lUCH01
_h0528
590 _aBATCH-UPD
_b10
_c20130410
_lUCH01
_h0208
590 _aBATCH-UPD
_b10
_c20130914
_lUCH01
_h1057
590 _aCONVERSION
_b10
_c20130109
_lUCH01
_h1327
650 1 4 _aCrisantemo.
_928941
650 1 4 _aNitrógeno
_xEfecto en crisantemo.
_981431
700 0 _aReuther, G.
_996686
901 _aBK
942 _cREIMP
949 _aR-2027
_bBC
_cR
_d-120088
_eTS1
_i54417
_si
999 _c49295
_d49295